000 00408nam a2200169Ia 4500
001 12091
003 IN-NITTTR
005 20251114233113.0
008 251113s9999||||xx |||||||||||||| ||eng||
040 _beng
040 _cIN-NITTTR
041 _aeng
082 _a620 S65T
100 _aSchon, Donald A.
245 0 _aTechnology and change :
_b the new Heraclitus. /
_cSchon, Donald A.
942 _2ddc
_cBK
999 _c14727
_d14727